[Event "Wch FIDE Online U16 Girls Asia qual"]
[Site "Tornelo INT"]
[Date "2020.12.12"]
[Round "3"]
[White "Nuha, Rilwan"]
[Black "Sandeepani, M Tharushi"]
[Result "0-1"]
[WhiteElo "1102"]
[BlackElo "1706"]
[PlyCount "82"]
[EventDate "2020.12.11"]
[EventType "swiss (rapid)"]
[EventRounds "7"]
[EventCountry "ISS"]
[SourceTitle "EXT 2022"]
[Source "ChessBase"]
[SourceDate "2021.10.06"]
[SourceVersion "1"]
[SourceVersionDate "2021.10.06"]
[SourceQuality "1"]

1. e4 e6 2. d4 d5 3. e5 c5 4. c3 Nc6 5. Nf3 Qb6 6. Qc2 Bd7 7. Be3 Rc8 8. Be2 cxd4 9. Nxd4 Nxd4 10. Bxd4 Qxd4 11. cxd4 Rxc2 12. 0-0 Rxe2 13. b3 Rc2 14. Rd1 Bb4 15. a3 Bc3 16. Nxc3 Rxc3 17. b4 Bb5 18. Rac1 Rxc1 19. Rxc1 Bc4 20. f4 Ne7 21. Kf2 Kd7 22. Ke3 Rc8 23. Kd2 Nf5 24. g3 Nxd4 25. Ke3 Nb5 26. a4 Nc7 27. b5 b6 28. Kd2 Ne8 29. h4 f6 30. exf6 Nxf6 31. Rc3 Ne4+ 32. Kc2 Nxc3 33. Kxc3 Bxb5+ 34. Kb4 Bf1 35. g4 d4 36. f5 d3 37. fxe6+ Kxe6 38. g5 d2 39. g6 d1Q 40. gxh7 Qb1+ 41. Ka3 Rc3# 0-1

[Event "Asia Nations online Cup (Women) final"]
[Site "Chess.com INT"]
[Date "2020.10.23"]
[Round "2.1"]
[White "Frayna, Janelle Mae"]
[Black "Sandeepani, M Tharushi"]
[Result "1-0"]
[WhiteElo "2179"]
[BlackElo "1724"]
[PlyCount "141"]
[EventDate "2020.10.23"]
[EventType "team-k.o. (rapid)"]
[EventRounds "6"]
[EventCountry "IND"]
[SourceTitle "CBM 199 Extra"]
[Source "ChessBase"]
[SourceDate "2021.01.31"]
[SourceVersion "1"]
[SourceVersionDate "2021.01.31"]
[SourceQuality "1"]
[WhiteTeam "Philippines (W)"]
[BlackTeam "Sri Lanka (W)"]
[WhiteTeamCountry "PHI"]
[BlackTeamCountry "SRI"]

1. e4 e6 2. d4 d5 3. Nc3 Bb4 4. exd5 exd5 5. Bd3 Nc6 6. Nge2 Nge7 7. 0-0 Bg4 8. f3 Bh5 9. a3 Ba5 10. Na4 0-0 11. c3 Re8 12. Ng3 Bg6 13. f4 f5 14. Qc2 Rf8 15. Bd2 Bb6 16. Kh1 Qd7 17. Rae1 Nc8 18. Nc5 Bxc5 19. dxc5 N8e7 20. b4 a6 21. a4 Rae8 22. b5 axb5 23. axb5 Na7 24. Qa4 Nac8 25. Re5 c6 26. b6 h5 27. Rfe1 h4 28. Ne2 Bh7 29. Nd4 Kh8 30. Qd1 g6 31. Ne6 Rf7 32. Nc7 Ref8 33. Be3 Ng8 34. Bd4 Nf6 35. Qf3 Kg8 36. Qh3 Ng4 37. R5e2 Nf6 38. Ne6 Re8 39. Ng5 Rxe2 40. Rxe2 Rf8 41. Bxf6 Rxf6 42. Qxh4 Rf8 43. Re3 Qg7 44. Kg1 d4 45. Bc4+ Kh8 46. cxd4 Ne7 47. Qxh7+ Qxh7 48. Nxh7 Kxh7 49. Rxe7+ Kh6 50. Rxb7 Rd8 51. Rc7 Rxd4 52. b7 Rd1+ 53. Bf1 Rb1 54. Kf2 Kh5 55. Ba6 Rb2+ 56. Kf3 Rb3+ 57. Ke2 Kg4 58. Rc8 Kxf4 59. b8Q+ Rxb8 60. Rxb8 g5 61. Rc8 g4 62. Rxc6 Ke4 63. Rh6 f4 64. c6 f3+ 65. gxf3+ gxf3+ 66. Kf2 Kf4 67. c7 Kg5 68. Rb6 Kf5 69. c8Q+ Ke5 70. Qc5+ Ke4 71. Rb4# 1-0

[Event "Asia Nations online Cup (Women)"]
[Site "Chess.com INT"]
[Date "2020.10.19"]
[Round "9.5"]
[White "Sandeepani, M Tharushi"]
[Black "Gong, Qianyun"]
[Result "0-1"]
[WhiteElo "1724"]
[BlackElo "2333"]
[PlyCount "134"]
[EventDate "2020.10.11"]
[EventType "team-swiss (rapid)"]
[EventRounds "9"]
[EventCountry "IND"]
[SourceTitle "CBM 198 Extra"]
[Source "ChessBase"]
[SourceDate "2020.11.30"]
[SourceVersion "1"]
[SourceVersionDate "2020.11.30"]
[SourceQuality "1"]
[WhiteTeam "Sri Lanka (W)"]
[BlackTeam "Singapore (W)"]
[WhiteTeamCountry "SRI"]
[BlackTeamCountry "SIN"]

1. Nf3 Nf6 2. g3 b6 3. Bg2 Bb7 4. 0-0 g6 5. d3 Bg7 6. Nc3 0-0 7. e4 d6 8. Bd2 Nbd7 9. Nh4 e5 10. f4 exf4 11. Bxf4 Nh5 12. Nf3 Nxf4 13. gxf4 Bh6 14. Ne2 Qf6 15. Nfd4 Rab8 16. c3 c5 17. Nc2 Qe7 18. Ng3 Kh8 19. f5 Ne5 20. d4 Nc4 21. b3 Ne3 22. Nxe3 Bxe3+ 23. Kh1 cxd4 24. cxd4 Qg5 25. Qd3 Rbe8 26. Rae1 Bd2 27. Re2 Bf4 28. Rf3 gxf5 29. Nxf5 Rg8 30. d5 Be5 31. Qe3 Qg6 32. Rh3 f6 33. Rf2 Bc8 34. Rh6 Qf7 35. Bh3 Rg6 36. Nh4 Rxh6 37. Qxh6 Bxh3 38. Nf3 Bg4 39. Nxe5 dxe5 40. Rxf6 Qg7 41. Qh4 Rg8 42. Qf2 Qg5 43. Qf1 Bh3 44. Rf5 Bxf1 45. Rxg5 Rxg5 46. d6 Rg8 47. d7 Bg2+ 48. Kg1 Bxe4+ 49. Kf2 Bc6 50. Ke3 Bxd7 51. Ke4 Rg2 52. Kxe5 Rxa2 53. Kd6 Bh3 54. Kc7 Rxh2 55. Kb7 Ra2 56. b4 Bg2+ 57. Kc7 h5 58. b5 h4 59. Kd6 h3 60. Ke5 h2 61. Kf4 h1Q 62. Kg3 Qh3+ 63. Kf4 Ra4+ 64. Ke5 Qe3+ 65. Kf5 Rf4+ 66. Kg5 Qe5+ 67. Kh6 Rf6# 0-1

[Event "SRI-ch (Women)"]
[Site "Colombo"]
[Date "2020.09.19"]
[Round "9"]
[White "Sandeepani, M Tharushi"]
[Black "Pavalachandran, Ashvini"]
[Result "1-0"]
[WhiteElo "1625"]
[BlackElo "1614"]
[PlyCount "67"]
[EventDate "2020.09.11"]
[EventType "tourn"]
[EventRounds "13"]
[EventCountry "SRI"]
[SourceTitle "CBM 198 Extra"]
[Source "ChessBase"]
[SourceDate "2020.11.30"]
[SourceVersion "1"]
[SourceVersionDate "2020.11.30"]
[SourceQuality "1"]

1. d4 Nf6 2. c4 g6 3. Nc3 Bg7 4. e4 d6 5. Be2 0-0 6. Nf3 e5 7. Be3 Ng4 8. Bg5 f6 9. Bh4 Qe8 10. d5 h5 11. Nd2 a5 12. b3 Nh6 13. f3 f5 14. Qc2 f4 15. Bf2 b6 16. a3 g5 17. Rb1 Rf7 18. b4 Bf8 19. c5 axb4 20. axb4 bxc5 21. bxc5 Ba6 22. c6 Bxe2 23. Kxe2 Na6 24. Rb7 Nc5 25. Bxc5 dxc5 26. Nb5 Bd6 27. Nc4 Qf8 28. Nbxd6 cxd6 29. Nb6 Ra3 30. Nd7 Re3+ 31. Kf2 Qg7 32. c7 g4 33. c8Q+ Kh7 34. Nf8+ 1-0

[Event "SRI-ch (Women)"]
[Site "Colombo"]
[Date "2020.09.13"]
[Round "4"]
[White "Mapa, MMWH"]
[Black "Sandeepani, M Tharushi"]
[Result "0-1"]
[WhiteElo "1563"]
[BlackElo "1625"]
[PlyCount "104"]
[EventDate "2020.09.11"]
[EventType "tourn"]
[EventRounds "13"]
[EventCountry "SRI"]
[SourceTitle "CBM 198 Extra"]
[Source "ChessBase"]
[SourceDate "2020.11.30"]
[SourceVersion "1"]
[SourceVersionDate "2020.11.30"]
[SourceQuality "1"]

1. d4 d6 2. c4 g6 3. Nc3 Bg7 4. e4 Nc6 5. Nge2 e5 6. d5 Nce7 7. f3 f5 8. Bd2 Nf6 9. h3 0-0 10. Qc2 Kh8 11. 0-0-0 fxe4 12. fxe4 Nh5 13. g4 Nf4 14. Nxf4 exf4 15. Bd3 Be5 16. Rdf1 g5 17. h4 Bxg4 18. hxg5 Ng6 19. Rfg1 Bd7 20. Nd1 Rf7 21. Bc3 Qe7 22. Nf2 Rg8 23. Ng4 Bxg4 24. Rxg4 Bxc3 25. Qxc3+ Qe5 26. Rgg1 Qxc3+ 27. bxc3 Ne5 28. g6 Rxg6 29. Rxg6 Nxg6 30. Kd2 Ne5 31. Rf1 h6 32. Rf2 f3 33. Rf1 Kh7 34. a3 h5 35. a4 Kh6 36. a5 h4 37. Rh1 Kh5 38. Bf1 Ng4 39. c5 Nf2 40. Rh2 Nxe4+ 41. Kd3 Ng3 42. Rf2 Nxf1 43. Rxf1 Kg4 44. Ke3 Re7+ 45. Kf2 Re2+ 46. Kg1 Kg3 47. cxd6 cxd6 48. c4 f2+ 49. Rxf2 Rxf2 50. c5 h3 51. cxd6 h2+ 52. Kh1 Rf1# 0-1

[Event "SRI-ch (Women)"]
[Site "Colombo"]
[Date "2020.09.12"]
[Round "2"]
[White "Tharushi, THD Niklesha"]
[Black "Sandeepani, M Tharushi"]
[Result "1-0"]
[WhiteElo "1655"]
[BlackElo "1625"]
[PlyCount "141"]
[EventDate "2020.09.11"]
[EventType "tourn"]
[EventRounds "13"]
[EventCountry "SRI"]
[SourceTitle "CBM 198 Extra"]
[Source "ChessBase"]
[SourceDate "2020.11.30"]
[SourceVersion "1"]
[SourceVersionDate "2020.11.30"]
[SourceQuality "1"]

1. d4 g6 2. c4 Bg7 3. e4 d6 4. Nc3 Nc6 5. Be3 e5 6. d5 Nce7 7. Bd3 f5 8. f3 Nf6 9. h3 f4 10. Bf2 g5 11. c5 0-0 12. Rc1 a6 13. Na4 h5 14. cxd6 cxd6 15. Bb6 Qe8 16. Bc7 Qg6 17. Nb6 g4 18. Qe2 Bd7 19. Nxa8 Rxa8 20. Bxd6 Nfxd5 21. Ba3 Ne3 22. Bxe7 Bf8 23. Bxf8 Rxf8 24. Rc3 Rd8 25. Bc4+ Nxc4 26. Qxc4+ Be6 27. Qe2 g3 28. b3 Bf7 29. Qc2 Qb6 30. Rc5 Kg7 31. Qc3 Re8 32. Ne2 Kg6 33. 0-0 Re6 34. Kh1 Qd6 35. h4 Kh7 36. Nxf4 exf4 37. Rg5 Rg6 38. Qc5 Qf6 39. Rxh5+ Kg7 40. Rg5 Kh7 41. Qf5 Qxf5 42. Rxf5 Be6 43. Rxf4 Rg7 44. Rc1 Rd7 45. Rf6 Bg8 46. Rb6 Kg7 47. h5 Bf7 48. h6+ Kh7 49. e5 Re7 50. f4 Be6 51. Rc3 Bd5 52. Rxg3 Bc6 53. Rg7+ Rxg7 54. hxg7 Kxg7 55. Rxc6 bxc6 56. f5 c5 57. g4 a5 58. g5 a4 59. e6 axb3 60. axb3 c4 61. bxc4 Kf8 62. f6 Ke8 63. g6 Kf8 64. e7+ Ke8 65. g7 Kf7 66. g8Q+ Kxg8 67. e8Q+ Kh7 68. Qh5+ Kg8 69. Qg6+ Kf8 70. Qg7+ Ke8 71. Qe7# 1-0

[Event "Negambo op 4th"]
[Site "Negambo"]
[Date "2018.08.19"]
[Round "7"]
[White "Sandeepani, M Tharushi"]
[Black "Seneviratne, Shehan Kavishka"]
[Result "1-0"]
[WhiteElo "1338"]
[BlackElo "1707"]
[PlyCount "129"]
[EventDate "2018.08.16"]
[EventType "swiss"]
[EventRounds "10"]
[EventCountry "SRI"]
[SourceTitle "CBM 186 Extra"]
[Source "ChessBase"]
[SourceDate "2018.08.24"]
[SourceVersion "1"]
[SourceVersionDate "2018.08.24"]
[SourceQuality "1"]

1. d4 Nf6 2. c4 g6 3. Nc3 Bg7 4. e4 d6 5. Nf3 0-0 6. Be2 e5 7. Be3 Nc6 8. d5 Ne7 9. Nd2 Ne8 10. c5 f5 11. f3 f4 12. Bf2 g5 13. Nc4 Bd7 14. a4 Ng6 15. Qb3 b6 16. c6 Bc8 17. a5 b5 18. Nxb5 a6 19. Nc3 Nh4 20. Rg1 g4 21. Qd1 g3 22. hxg3 fxg3 23. Bxg3 Qg5 24. Bxh4 Qxh4+ 25. Kd2 Nf6 26. Kc2 Nh5 27. Nd2 Ng3 28. Nf1 Nxe2 29. Qxe2 Rb8 30. Nd2 Bh6 31. Nc4 Qg5 32. Rab1 Rb4 33. b3 Rf6 34. Na2 Rb8 35. b4 Qg3 36. Nc3 Bg4 37. Qe1 Qf4 38. fxg4 Qxg4 39. Kb3 Rbf8 40. Ne3 Bxe3 41. Qxe3 Rf2 42. Rb2 R2f4 43. Qe2 Qg3 44. Qe1 Qg4 45. Ka4 Qg6 46. Re2 Qe8 47. Qg3+ Kh8 48. Rh1 Qb8 49. Qd3 Qa7 50. Rd1 Rf2 51. Rxf2 Qxf2 52. Qd2 Qg3 53. Qc2 Rf2 54. Rd2 Rf1 55. Qd3 Ra1+ 56. Kb3 Qe1 57. Rd1 Rxd1 58. Qxd1 Qh4 59. Qf1 h5 60. Qxa6 Qe1 61. Qc8+ Kg7 62. Qxc7+ Kf6 63. Qxd6+ Kg5 64. Qxe5+ Kg4 65. c7 1-0

[Event "Negambo op 4th"]
[Site "Negambo"]
[Date "2018.08.17"]
[Round "4"]
[White "Samaranayake, KPRN"]
[Black "Sandeepani, M Tharushi"]
[Result "1-0"]
[WhiteElo "1926"]
[BlackElo "1338"]
[PlyCount "143"]
[EventDate "2018.08.16"]
[EventType "swiss"]
[EventRounds "10"]
[EventCountry "SRI"]
[SourceTitle "CBM 186 Extra"]
[Source "ChessBase"]
[SourceDate "2018.08.24"]
[SourceVersion "1"]
[SourceVersionDate "2018.08.24"]
[SourceQuality "1"]

1. d4 g6 2. c4 Bg7 3. Nc3 d6 4. g3 Nc6 5. Nf3 e5 6. dxe5 Nxe5 7. Bg2 Ne7 8. 0-0 0-0 9. Nd2 f5 10. Qc2 g5 11. b3 f4 12. Bb2 a6 13. Nf3 h6 14. Rad1 Qe8 15. Nd5 Nxd5 16. cxd5 Nxf3+ 17. Bxf3 Bf5 18. Qd2 Bxb2 19. Qxb2 Be4 20. Rc1 Bxf3 21. Rxc7 Rf7 22. Rxf7 Qxf7 23. exf3 Qxd5 24. Qf6 Rf8 25. Qg6+ Kh8 26. Qxh6+ Kg8 27. Qg6+ Kh8 28. Qh5+ Kg8 29. gxf4 Rxf4 30. Re1 Kg7 31. Re7+ Kf6 32. Re8 Rh4 33. Rf8+ Kg7 34. Qe8 Rf4 35. Qe7+ Kg6 36. Rxf4 gxf4 37. Qe4+ Qxe4 38. fxe4 f3 39. Kf1 Kg5 40. Ke1 Kf4 41. Kd2 Kxe4 42. h4 Kf4 43. h5 Kg5 44. Ke3 Kxh5 45. Kxf3 Kg5 46. Ke4 Kf6 47. Kd5 Ke7 48. f4 b5 49. b4 Kd7 50. f5 Ke7 51. f6+ Kxf6 52. Kxd6 Kf5 53. Kc6 Ke5 54. Kb6 Kd5 55. Kxa6 Kc4 56. Ka5 Kc3 57. Kxb5 Kb2 58. a4 Kb3 59. a5 Kc3 60. a6 Kd4 61. a7 Ke4 62. a8Q+ Ke5 63. Qf3 Kd4 64. Qf5 Ke3 65. Qg4 Kd3 66. Qf4 Ke2 67. Qg3 Kd2 68. Kc4 Ke2 69. b5 Kd2 70. Qf2+ Kc1 71. Kc3 Kb1 72. Qb2# 1-0

[Event "Negombo op 3rd"]
[Site "Negambo"]
[Date "2017.08.24"]
[Round "10"]
[White "Mehalathan, Sivakumar"]
[Black "Sandeepani, M Tharushi"]
[Result "1-0"]
[WhiteElo "1625"]
[BlackElo "1279"]
[PlyCount "189"]
[EventDate "2017.08.20"]
[EventType "swiss"]
[EventRounds "10"]
[EventCountry "SRI"]
[SourceTitle "CBM 180 Extra"]
[Source "ChessBase"]
[SourceDate "2017.10.06"]
[SourceVersion "1"]
[SourceVersionDate "2017.10.06"]
[SourceQuality "1"]

1. e4 e6 2. d4 d5 3. Nc3 Bb4 4. exd5 exd5 5. Bd3 Ne7 6. Qf3 Nbc6 7. Nge2 Qd7 8. h3 0-0 9. g4 Qe6 10. Be3 Bxc3+ 11. bxc3 Qf6 12. Qg3 Ng6 13. h4 Qd6 14. Qg2 Qe6 15. h5 Nge7 16. Rg1 Kh8 17. Kd2 Na5 18. f4 Nc4+ 19. Bxc4 dxc4 20. f5 Qc6 21. Qxc6 Nxc6 22. Bf4 Bd7 23. Bxc7 Rac8 24. Be5 Nxe5 25. dxe5 Rfe8 26. Rab1 b6 27. Nd4 Rxe5 28. Rbe1 Rce8 29. Rxe5 Rxe5 30. Re1 Rxe1 31. Kxe1 g6 32. h6 gxf5 33. gxf5 f6 34. Ke2 Kg8 35. Ke3 Kf7 36. Ke4 Ke7 37. Kd5 b5 38. Kc5 a6 39. a3 Bc8 40. Kc6 Kd8 41. Kd6 Ke8 42. Kc7 Bd7 43. Kd6 Kd8 44. Ne6+ Ke8 45. Ng7+ Kd8 46. Ne6+ Ke8 47. Nd4 Kd8 48. Kd5 Bc8 49. Kd6 Bd7 50. Kd5 Bc8 51. Kc6 Bd7+ 52. Kb6 Bc8 53. Kc6 Bd7+ 54. Kb7 Bc8+ 55. Kb6 Kd7 56. Kc5 Kc7 57. Kd5 Kd7 58. Ne6 Ke7 59. Ng7 Kd7 60. Kc5 Ke7 61. Kc6 Bd7+ 62. Kc7 a5 63. Kb6 Kd6 64. Kxa5 Ke5 65. Kb6 Kd6 66. Kb7 Bc6+ 67. Kc8 Be4 68. Kd8 Ke5 69. Ke7 Bd5 70. Ne8 Kxf5 71. Nxf6 Bc6 72. Kf7 Ke5 73. Nxh7 Be4 74. Nf8 Bxc2 75. Ng6+ Bxg6+ 76. Kxg6 Ke4 77. h7 Kd3 78. h8Q Kc2 79. Qd4 Kb3 80. Qc5 Kxc3 81. Qxb5 Kd4 82. a4 c3 83. a5 c2 84. Qc6 Kd3 85. a6 Kd2 86. a7 c1Q 87. Qxc1+ Kxc1 88. a8Q Kd2 89. Qe4 Kc3 90. Kf5 Kb3 91. Qd4 Kc2 92. Ke4 Kb3 93. Kd3 Ka3 94. Kc2 Ka2 95. Qb2# 1-0

[Event "SRI-chB (Women)"]
[Site "Narahenpita"]
[Date "2017.05.13"]
[Round "2"]
[White "Sandeepani, M Tharushi"]
[Black "Ranasinghe, Shalini"]
[Result "0-1"]
[WhiteElo "1330"]
[BlackElo "1565"]
[PlyCount "44"]
[EventDate "2017.05.12"]
[EventType "swiss"]
[EventRounds "10"]
[EventCountry "SRI"]
[SourceTitle "CBM 178 Extra"]
[Source "ChessBase"]
[SourceDate "2017.06.22"]
[SourceVersion "1"]
[SourceVersionDate "2017.06.22"]
[SourceQuality "1"]

1. e4 e6 2. d4 d5 3. Bd3 Nf6 4. Bg5 Be7 5. Bxf6 Bxf6 6. e5 Be7 7. Nd2 c5 8. c3 Nc6 9. Qg4 g6 10. Ngf3 Qb6 11. Rb1 Bd7 12. a3 0-0-0 13. 0-0 f5 14. exf6 Bxf6 15. dxc5 Qxc5 16. Qg3 e5 17. Bc2 Bf5 18. Ne1 e4 19. Nb3 Qe7 20. Qe3 Be5 21. g3 h5 22. Ng2 Bh3 0-1

[Event "Negombo op 2nd"]
[Site "Negombo"]
[Date "2016.08.17"]
[Round "9"]
[White "Aditya, S Hariharan"]
[Black "Sandeepani, M Tharushi"]
[Result "1/2-1/2"]
[WhiteElo "1675"]
[BlackElo "1401"]
[PlyCount "64"]
[EventDate "2016.08.13"]
[EventType "swiss"]
[EventRounds "9"]
[EventCountry "SRI"]
[SourceTitle "EXT 2019"]
[Source "ChessBase"]
[SourceDate "2018.10.10"]
[SourceVersion "1"]
[SourceVersionDate "2018.10.10"]
[SourceQuality "1"]

1. d4 Nf6 2. c4 g6 3. Nc3 Bg7 4. e4 d6 5. Nf3 0-0 6. Be2 e5 7. 0-0 Nc6 8. d5 Ne7 9. b4 Ne8 10. c5 f5 11. Ng5 Nf6 12. Bf3 h6 13. Ne6 Bxe6 14. dxe6 f4 15. cxd6 cxd6 16. Bb2 Ne8 17. Nd5 Kh8 18. Qa4 Nf6 19. Qb5 Rb8 20. Rad1 a6 21. Qe2 Re8 22. Nxf4 exf4 23. e5 Nfg8 24. exd6 Nc6 25. Bxg7+ Kxg7 26. Bxc6 bxc6 27. d7 Rf8 28. Qe5+ Kh7 29. Rd4 Rb5 30. Qd6 Ne7 31. Rxf4 Rd5 32. Rxf8 Qxf8 1/2-1/2

[Event "Asia-ch U12 Girls"]
[Site "Ulaanbaatar"]
[Date "2016.04.08"]
[Round "4"]
[White "Sandeepani, M Tharushi"]
[Black "Tsetsenbileg, Munkhbayar"]
[Result "1/2-1/2"]
[WhiteElo "1366"]
[BlackElo "1473"]
[PlyCount "57"]
[EventDate "2016.04.06"]
[EventType "swiss"]
[EventRounds "9"]
[EventCountry "MGL"]
[SourceTitle "EXT 2017"]
[Source "ChessBase"]
[SourceDate "2016.10.25"]
[SourceVersion "1"]
[SourceVersionDate "2016.10.25"]
[SourceQuality "1"]

1. e4 c5 2. d4 cxd4 3. c3 dxc3 4. Nf3 Nc6 5. Bc4 Nf6 6. Nxc3 d6 7. e5 dxe5 8. Qxd8+ Nxd8 9. Nxe5 a6 10. Be3 g6 11. Bb6 Be6 12. Bb3 Bxb3 13. axb3 Bg7 14. 0-0 Ne6 15. Nc4 0-0 16. Rfd1 Rac8 17. Na5 Rfe8 18. h3 h5 19. Be3 b5 20. b4 Red8 21. Rxd8+ Nxd8 22. Bb6 Nc6 23. Nxc6 Rxc6 24. Bc5 Bf8 25. Rd1 Rc8 26. Ra1 Rc6 27. Rd1 Rc8 28. Ra1 Rc6 29. Rd1 1/2-1/2

[Event "SRI-chB (Women)"]
[Site "Colombo"]
[Date "2016.03.13"]
[Round "3"]
[White "Gimhani, H Shashipraba"]
[Black "Sandeepani, M Tharushi"]
[Result "1/2-1/2"]
[WhiteElo "1549"]
[BlackElo "1378"]
[PlyCount "67"]
[EventDate "2016.03.12"]
[EventType "swiss"]
[EventRounds "10"]
[EventCountry "SRI"]
[SourceTitle "CBM 171 Extra"]
[Source "ChessBase"]
[SourceDate "2016.04.26"]
[SourceVersion "1"]
[SourceVersionDate "2016.04.26"]
[SourceQuality "1"]

1. Nf3 Nf6 2. g3 g6 3. Bg2 Bg7 4. d3 d6 5. e4 0-0 6. 0-0 e5 7. Nbd2 Nc6 8. c3 Nd7 9. Nc4 Nf6 10. Qe2 Re8 11. Rd1 Be6 12. Ng5 Bg4 13. f3 Bd7 14. Nh3 Qc8 15. Qf1 Rb8 16. Ne3 b5 17. Nf2 b4 18. cxb4 Nxb4 19. a3 Nc6 20. b4 a5 21. bxa5 Nxa5 22. Ra2 Nb3 23. Nc4 Nxc1 24. Rxc1 Qd8 25. a4 Ra8 26. a5 Bb5 27. Qe2 Nd7 28. Nd1 Nb8 29. Qb2 Bxc4 30. Rxc4 d5 31. Rca4 Re7 32. Ne3 Ra7 33. Nc4 Nc6 34. Qc3 1/2-1/2